| 000 | 01240cam a2200313 i 4500 | ||
|---|---|---|---|
| 001 | vtls003258128 | ||
| 003 | MY-SjTCS | ||
| 005 | 20200226115955.0 | ||
| 008 | 141114s2014 nyu b 001 0 eng d | ||
| 020 | _a9781476700267 (paperback) | ||
| 039 | 9 |
_a201809071358 _bVLOAD _c201506301508 _dshuhada _c201505091104 _dmalathy _y201411141222 _zaishah_siti |
|
| 040 | _erda | ||
| 082 | 0 | 4 |
_a330.9 _bHUB 2014 |
| 100 | 1 |
_aHubbard, R. Glenn. _910841 |
|
| 245 | 1 | 0 |
_aBalance : _bthe economics of great powers from ancient Rome to modern America / _cGlenn Hubbard and Tim Kane. |
| 250 | _aFirst Simon & Schuster trade paperback edition. | ||
| 264 | 1 |
_aNew York : _bSimon & Schuster Paperbacks, _c2014. |
|
| 300 |
_axii, 351 pages : _billustrations (black and white), maps (black and white) ; _c22 cm |
||
| 336 |
_atext _2rdacontent |
||
| 337 |
_aunmediated _2rdamedia |
||
| 338 |
_avolume _2rdacarrier |
||
| 504 | _aIncludes bibliographical references (pages 299-310) and index. | ||
| 650 | 0 |
_aEconomics _xPolitical aspects. |
|
| 650 | 0 |
_aPolitical science _xEconomic aspects. _939544 |
|
| 650 | 0 |
_aBalance of power _xEconomic aspects. |
|
| 650 | 0 |
_aEconomic history _xPolitical aspects. |
|
| 700 | 1 |
_aKane, Tim. _971787 |
|
| 920 | _aUWE : 214614 | ||
| 999 | _c156915 | ||